[Event "TUR-chT 2nd League"]
[Site "Konya"]
[Date "2018.07.21"]
[Round "8.15"]
[White "Cimen, Etka Enes"]
[Black "Demiroglu, Arsen"]
[Result "1/2-1/2"]
[WhiteElo "1514"]
[BlackElo "1712"]
[PlyCount "63"]
[EventDate "2018.07.16"]
[EventType "team-swiss"]
[EventRounds "9"]
[EventCountry "TUR"]
[SourceTitle "EXT 2019"]
[Source "ChessBase"]
[SourceDate "2018.10.10"]
[SourceVersion "1"]
[SourceVersionDate "2018.10.10"]
[SourceQuality "1"]
[WhiteTeam "Adamlari Amator"]
[BlackTeam "Istanbul Sisli"]
[WhiteTeamCountry "TUR"]
[BlackTeamCountry "TUR"]

1. d4 Nf6 2. c4 c5 3. e3 g6 4. Nc3 Bg7 5. Nf3 0-0 6. Be2 cxd4 7. exd4 d5 8. Ne5 Nc6 9. 0-0 Be6 10. Bf3 Rc8 11. Nxc6 bxc6 12. c5 Bf5 13. Re1 Qd7 14. Bf4 Rfe8 15. h3 Qb7 16. Qd2 Rcd8 17. Be5 Ne4 18. Bxe4 dxe4 19. Bxg7 Kxg7 20. g4 Bc8 21. Nxe4 Qd7 22. Rad1 f5 23. gxf5 Qxf5 24. Qg5 Qxh3 25. Ng3 Bg4 26. Rxe7+ Kg8 27. Rde1 Rf8 28. Qe5 Qh6 29. Ne4 Bf3 30. Qe6+ Kh8 31. Qe5+ Kg8 32. Qe6+ 1/2-1/2

[Event "TUR-chT 2nd League"]
[Site "Konya"]
[Date "2017.07.20"]
[Round "5.15"]
[White "Cimen, Etka Enes"]
[Black "Altundal, Arda"]
[Result "1/2-1/2"]
[WhiteElo "1468"]
[BlackElo "1296"]
[PlyCount "91"]
[EventDate "2017.07.17"]
[EventType "team-swiss"]
[EventRounds "9"]
[EventCountry "TUR"]
[SourceTitle "CBM 179 Extra"]
[Source "ChessBase"]
[SourceDate "2017.08.23"]
[SourceVersion "1"]
[SourceVersionDate "2017.08.23"]
[SourceQuality "1"]
[WhiteTeam "Adamlari Amator"]
[BlackTeam "Corum Belediye"]
[WhiteTeamCountry "TUR"]
[BlackTeamCountry "TUR"]

1. d4 Nf6 2. c4 g6 3. Nc3 Bg7 4. Nf3 d6 5. e4 0-0 6. Be2 Nbd7 7. 0-0 e5 8. dxe5 Nxe5 9. Nxe5 dxe5 10. Qb3 c6 11. Be3 Qc7 12. Rad1 Be6 13. Qa3 Nd7 14. b4 Nb6 15. Bc5 Rfd8 16. Rxd8+ Qxd8 17. Rd1 Qe8 18. Qb3 Rd8 19. a4 Rxd1+ 20. Nxd1 Nc8 21. Qd3 b6 22. Be3 Qd7 23. Qxd7 Bxd7 24. Nc3 Bf8 25. b5 Bb4 26. bxc6 Bxc6 27. Nd5 Bd6 28. Bd1 Ne7 29. Kf1 f5 30. Bb3 Bxd5 31. exd5 f4 32. Bd2 Nf5 33. Bc3 Kf7 34. Ke2 h5 35. Kd3 Kf6 36. g3 g5 37. Ke4 Nh6 38. Bd1 h4 39. gxh4 gxh4 40. h3 Nf7 41. Bg4 Bc5 42. f3 Nd6+ 43. Kd3 a5 44. Be1 Kg5 45. Bc3 Kf6 46. Be1 1/2-1/2